| 000 | 00904nam a2200325Ia 4500 | ||
|---|---|---|---|
| 001 | A8005 | ||
| 003 | IT-RoPAU | ||
| 008 | 130308s9999 xx 000 0 und d | ||
| 040 | _aIT-RoPAU | ||
| 040 | _cIT-RoPAU | ||
| 041 | _aINGLESE | ||
| 100 | _aAttille Martina | ||
| 100 | _gCodice Aut. SPICS: 36327 | ||
| 245 | _aBlack Women and Representation | ||
| 245 | _bFilms For Women | ||
| 250 | _a1a ed. | ||
| 260 | _aLONDON | ||
| 260 | _bBritish Film Institute | ||
| 260 | _c1987 [1° Ed.:1986 - Ed.Ling.Originale:1984] | ||
| 300 | _a"7 p. (prefazione: no ; testo: 7 [pagine: 202-208])" | ||
| 500 | _aDonne Negre e Rappresentazione: Estratto di un incontro e Dibattito. | ||
| 650 | _aGENERI CINEMATOGRAFICI | ||
| 650 | _eCodice materia Spics: 6810 | ||
| 700 | _aBlackwood Maureen | ||
| 700 | _gCodice Aut. SPICS: 36328 | ||
| 942 | _cBK | ||
| 957 | _71 | ||
| 999 |
_c54671 _d54671 |
||
| 999 | _bSI | ||
| 999 | _g1 | ||